000 00612nam a22001697a 4500
005 20251108164029.0
008 250721s1995 xx 000 0 ara d
082 1 4 _a210.46166/جمع
245 1 0 _aقضايا طبية معاصرة في ضوء الشريعة الإسلامية :
_bالاستنساخ / الهندسة الوراثية / اختيار جنس الجنين /
264 1 _aعمان :
_bدار البشير،
_c1995.
300 _a320ص
650 1 7 _aالإسلام
650 1 7 _aالعقم
710 2 _aجمعية العلوم الطبية الإسلامية
942 _2ddc
_cBK
999 _c1851
_d1851